Wird geladen...

Chandramathiyude kathakal Sampoornam

Bibliographische Detailangaben
1. Verfasser: Chandramathi
Veröffentlicht: D C Books
LEADER 00185 a2200085 4500
100 |a Chandramathi 
245 |a Chandramathiyude kathakal Sampoornam 
260 |b D C Books 
942 |c BK  |6 _ 
999 |c 67587  |d 67587